000 01097nam0a2200325 4500
001 RU\NLR\bibl\520878
005 20250609144837.0
010 _a5-211-04558-0
_95000
021 _aRU
_b2004-19556
_9998
035 _a(NLR Aleph) 000513279
090 _a1246787
_c1246787
100 _a20040518d2004 |||y0rusy50 ca
101 0 _arus
102 _aRU
105 _ay |||||||||
200 1 _aТрудности устной речи
_eСлов.-справ.
_fЕ.А. Окунцова
210 _aМ.
_cИзд-во МГУ
_d2004
215 _a184,[2] c.
_d22
320 _aБиблиогр.: с. 183-184
606 0 _aРусский язык
_jСправочники
_91533567
_3RU\NLR\auth\66969347
606 0 _aРусский язык
_xСловари трудностей
_91541229
_3RU\NLR\auth\66973197
686 _aШ141.12-49
686 _aШ141.12я2
700 1 _aОкунцова
_bЕ. А.
_gЕлена Андреевна
_4070
801 0 _aRU
_bNLR
_c20040518
_gPSBO
801 1 _aRU
_bNLR
_c20040518
830 _aАвт. по кн.
942 _cBOOK
980 _aNB